Las Palabras y las cosas : (Record no. 136637)

MARC details
000 -CABECERA
campo de control de longitud fija 01422nam a22003734i 4500
001 - NÚMERO DE CONTROL
campo de control 991060719660506706
003 - IDENTIFICADOR DEL NÚMERO DE CONTROL
campo de control ES-BaIT
005 - FECHA Y HORA DE LA ÚLTIMA TRANSACCIÓN
campo de control 20251003131334.0
008 - DATOS DE LONGITUD FIJA--INFORMACIÓN GENERAL
campo de control de longitud fija 220708e202205 sp 000 0 spa|c
017 ## - NÚMERO DE COPYRIGHT O DE DEPÓSITO LEGAL
Número de copyright o de depósito legal DL M 11357-2022
Agencia que asigna Oficina DL Madrid
020 ## - NÚMERO INTERNACIONAL ESTÁNDAR DEL LIBRO
Número Internacional Estándar del Libro 9788412533613
040 ## - FUENTE DE LA CATALOGACIÓN
Centro catalogador/agencia de origen ES-BaUB
Lengua de catalogación cat
Normas de descripción rda
Centro/agencia transcriptor ES-BaUB
041 1# - CÓDIGO DE LENGUA
Código de lengua del texto/banda sonora o título independiente spa
Código de lengua original fre
080 ## - NÚMERO DE LA CLASIFICACIÓN DECIMAL UNIVERSAL
Número de la Clasificación Decimal Universal 165
100 1# - ENTRADA PRINCIPAL--NOMBRE DE PERSONA
Nombre de persona Foucault, Michel,
Fechas asociadas al nombre 1926-1984
Término indicativo de función/relación autor
9 (RLIN) 19943
240 1# - TÍTULO UNIFORME
Título uniforme Mots et les choses.
Lenguaje de la obra Castellà
9 (RLIN) 167381
245 14 - MENCIÓN DE TÍTULO
Título Las Palabras y las cosas :
Resto del título una arqueología de las ciencias humanas /
Mención de responsabilidad, etc. Michel Foucault ; traducción de Elsa Cecilia Frost
250 ## - MENCIÓN DE EDICIÓN
Mención de edición Primera edición
250 ## - MENCIÓN DE EDICIÓN
Mención de edición Edición revisada y corregida
264 #1 - PRODUCCIÓN, PUBLICACIÓN, DISTRIBUCIÓN, FABRICACIÓN Y COPYRIGHT
Producción, publicación, distribución, fabricación y copyright Madrid :
Nombre del de productor, editor, distribuidor, fabricante Siglo veintiuno editores :
-- Clave Intelectual,
Fecha de producción, publicación, distribución, fabricación o copyright mayo de 2022
300 ## - DESCRIPCIÓN FÍSICA
Extensión 398 pàgines ;
Dimensiones 23 cm
336 ## - TIPO DE CONTENIDO
Término de tipo de contenido text
Código de tipo de contenido txt
Fuente rdacontent
337 ## - TIPO DE MEDIO
Nombre/término del tipo de medio sense mediació
Código del tipo de medio n
Fuente rdamedia
338 ## - TIPO DE SOPORTE
Nombre/término del tipo de soporte volum
Código del tipo de soporte nc
Fuente rdacarrier
490 1# - MENCIÓN DE SERIE
Mención de serie Biblioteca clásica de Siglo Veintiuno
500 ## - NOTA GENERAL
Nota general Títol original: Les mots et les choses, une archéologie des sciences humaines
504 ## - NOTA DE BIBLIOGRAFÍA, ETC.
Nota de bibliografía, etc. Inclou referències bibliogràfiques
650 #7 - PUNTO DE ACCESO ADICIONAL DE MATERIA--TÉRMINO DE MATERIA
Término de materia o nombre geográfico como elemento de entrada Coneixement, Teoria del
9 (RLIN) 56504
650 #7 - PUNTO DE ACCESO ADICIONAL DE MATERIA--TÉRMINO DE MATERIA
Término de materia o nombre geográfico como elemento de entrada Llenguatge i llengües
Subdivisión general Filosofia
9 (RLIN) 57210
700 1# - ENTRADA AGREGADA--NOMBRE PERSONAL
Nombre de persona Frost, Elsa Cecilia
Término indicativo de función/relación traductor
9 (RLIN) 167382
830 ## - PUNTO DE ACCESO ADICIONAL DE SERIE-TÍTULO UNIFORME
Título uniforme Biblioteca clásica de Siglo Veintiuno
9 (RLIN) 167383
908 ## - COLOCAR PARÁMETRO DE COMANDO (RLIN)
Colocar parámetro de comando UB
-- ELISAVA
-- CDMAE
942 ## - ELEMENTOS DE ENTRADA AGREGADA (KOHA)
Fuente del sistema de clasificación o colocación Clasificación decimal universal
Tipo de ítem Koha Llibre
Holdings
Estado de retiro Estado de pérdida Fuente del sistema de clasificación o colocación Estado dañado No para préstamo Localización permanente Ubicación/localización actual Ubicación en estantería Fecha de adquisición Fuente de adquisición Total de préstamos Signatura topográfica completa Código de barras Fecha visto por última vez Precio válido a partir de Tipo de ítem Koha
    Clasificación decimal universal     Biblioteca Barcelona Biblioteca Barcelona BCN Lliure Accés 03/10/2025 Donatiu   1 FOU 1900089288 03/10/2025 03/10/2025 Llibre

Powered by Koha